| 000 | 00512nam a2200181Ia 4500 | ||
|---|---|---|---|
| 005 | 20250326124834.0 | ||
| 008 | 250326s9999 xx 000 0 und d | ||
| 037 | _aTextbook | ||
| 040 |
_aFMSL _beng _cFMSL |
||
| 041 |
_aeng _2eng |
||
| 084 |
_aX:8C L61 _qFMSL |
||
| 100 |
_aDeverell C S _9125883 |
||
| 245 | 0 |
_aManagement techniques in administration and fice _cDeverell C S |
|
| 260 |
_aLondon _bLondon, Gee & Co _c1976 |
||
| 300 | _a328p | ||
| 942 |
_cTB _hX:8C L61 |
||
| 999 |
_c1275453 _d1275453 |
||